Wundt. (1832-1920.)
Elmentve itt :
| Szerző: | |
|---|---|
| Adatforrás: | Philobibl |
| Forrásdokumentuma: | Nyugat 1920. évf. 2. kötet, 988-989.p. p. |
| Dokumentumtípus: | Cikk |
| Nyelv: | magyar |
| LEADER | 00281nab a2200097 c 4500 | ||
|---|---|---|---|
| 001 | bibDOK00023975 | ||
| 005 | 20200924121810.9 | ||
| 008 | 060518s1920 xx hun | ||
| 100 | 1 | |a Király György | |
| 245 | 1 | 0 | |a Wundt. (1832-1920.) |c Király György |
| 773 | 0 | |t Nyugat |g 1920. évf. 2. kötet, 988-989.p. p. | |